000 01151naa a22003137a 4500
001 BR8503318
003 BR-BrBNA
005 20240918175611.0
007 ta
008 230509b bl.||||| |||| 00| 0 por d
040 _aBR-BrBNA
_bpor
_cBiblioteca Nacional de Agricultura
041 _a(Pt)
072 _aP36
_b/G514
090 _aP36 BR8503318
100 1 _aFendrich, R.
100 1 _aGarcias, C.M.
100 1 _aAisse, M.M.
100 1 _aObladen, N.L.
111 1 _a3. Simposio Nacional de Controle de Erosao
_cMaringa, PR (Brazil)
_d29 Sep - 4 Oct 1985
245 1 _aPesquisas do Instituto de Saneamento Ambiental - ISAM/UCP relacionadas ao fenomeno da erosao urbana na regiao nordeste do Parana [Brasil]
260 3 _aCuritiba, PR (Brasil):
_c1985.
500 _aAnais do 3. Simposio Nacional de Controle de Erosao Curitiba, PR (Brasil): 1985. p. 47-71 (BR8503318-AM)P36
650 _aSOLO
650 _aEROSAO HIDRICA
650 _aPARANA
773 0 _tAnais do 3. Simposio Nacional de Controle de Erosao
_wP36 BR8503318
_gCuritiba, PR (Brasil), 1985. p. 47-71
909 _a202404
_bLucia
_c55
_dLucia Elande
942 _cAM
_2AGRIS
999 _c317411
_d317411